000 00614nam a2200217 4500
003 SEACOMEC
005 20240322120956.0
008 240322b |||||||| |||| 00| 0 eng d
020 _a 978-9332549449
_cRs.95.00
040 _aSEACOMEC
041 _aEnglish
082 _a005.133
_bK39
100 _a Kernighan, Brian W
245 _aThe C Programming Language
_c Brian W. Kernighan and Dennis Ritchie
250 _a2nd
260 _aNew Delhi
_bPrentice Hall
_c2005
300 _a288p
_c20.3 x 25.4 x 4.7 cm
650 _aComputer Science
_vProgramming languages
700 _aRitchie, Dennis
942 _cBOOK
999 _c838
_d838